Bayern Munich 21-22 - Statistics

General Stats
  • This quiz has been taken 177 times
  • The average score is 14 of 24
Answer Stats
Nr Position Answer % Correct
1 GK Manuel Neuer
97%
9 ST Robert Lewandowski
93%
6 CDM Joshua Kimmich
86%
10 RW Leroy Sane
81%
7 RW Serge Gnabry
81%
5 RB Benjamin Pavard
79%
4 CB Niklas Sule
79%
19 LB Alphonso Davies
77%
11 LW Kingsley Coman
77%
8 CM Leon Goretzka
77%
2 CB Dayot Upamecano
70%
21 CB Lucas Hernandez
70%
42 CAM Jamal Musiala
67%
13 ST Eric Maxim Choupo-Moting
57%
26 GK Sven Ulreich
57%
24 CM Corentin Tolisso
54%
20 RB Bouna Sarr
39%
18 CM Marcel Sabitzer
39%
3 LB Omar Richards
31%
44 RB Josip Stanisic
28%
22 CDM Marc Roca
28%
23 CB Tanguy Nianzou
24%
36 GK Christian Fruchtl
20%
17 CM Michael Cuisance
15%
No matching quizzes found
Score Distribution
Percent of People with Each Score
Percentile by Number Answered
Your Score History
You have not taken this quiz